000
00262nam a22001217a 4500
020
_a
0-590-45716-0
082
_a
823
_b
CAL/S
100
_a
CALMENSON, STEPHANIE
245
_a
SKATES
260
_a
USA
_b
SCHOLASTIC
650
_a
ENGLISH SHORT STORY
_z
USA
942
_c
BK
999
_c
3259
_d
3259